Statistics for Multiple choice USSR

Click here to take the quiz!

General Stats

  • This quiz has been taken 44 times
  • The average score is 11 of 15

Answer Stats

QuestionAnswer% Correct
What year did the USSR fall1991
100%
Who did the USSR set up as their puppet leader of North Korea?Kim Il Sung
98%
Who was the USSRs first leader?Vladmir Lenin
98%
What year did the Soviet Union intervene Afghanistan1979
95%
What was the war between Finland and the Soviet Union called in 1940?The Winter War
93%
What was the Capital of the USSRMoscow
90%
What was the USSR version of NATO called?Warsaw Pact
88%
Where in the USSR was their a great siege in WW2?Leningrad
85%
What month did the USSR's revolution occur in?October
80%
The Soviets called WW2 what?The Great Patriotic war
80%
What year did the USSR get nucular weapons1949
78%
How many Soviets died in WW2?27,000,0000
60%
The place where the Japanese skirmished with the Soviets along their borderKhalkhim Gol
48%
What was the Soviets counter to the Tiger in WW2K-V1
25%
What did the USSR stand for?Union of Soviet States Republic
0%

Score Distribution

Percentile by Number Answered

Percent of People with Each Score

Your Score History

You have not taken this quiz